000 01099nam a2200229Ia 4500
003 Ost
005 20260507075412.0
008 260507s9999||||xx |||||||||||||| ||und||
020 _a1064379977
040 _cfsecg
041 _aara
082 _a330
100 _aشحاتة، محمد السانوسي محمد
_eمؤلف
245 0 _aمعالم المنهج الفقهي المالي والإقتصادي :
_bدراسة مقارنة بالنظم الوضعية /
_c محمد السانوسي محمد شحاتة
260 _aالإسكندرية:
_bدار الفكر الجامعي,
_c2008
300 _a521 صفحة؛
_bإيضاحات ؛
_c25 سم
504 _aالمراجع ص.464
520 _aالمدخل الفقهي والتاريخي لدراسة الموضوع، معالم المنهج المالي عند إمام الحرمين، معالم المنهج الإقتصادي عند إمام الحرمين دراسة بالنظم الوضعية
653 _aالإقتصاد الإسلامي
653 _aالنظام المالي في الإسلام
942 _cكتاب
999 _c44421
_d44421